5 Ciudades más Pobladas por Región de Chile - Estadísticas

Estadísticas generales
  • Esta prueba ha sido intentada 96 veces
    57 desde el último reinicio
  • La puntuación promedio es 41 de 80
Estadísticas de respuestas
Región Población Ciudad o Pueblo % Correcto
Metropolitana 402.847 hab. Santiago
96%
Valparaíso 251.177 hab. Valparaíso
93%
Arica y Parinacota 202.131 hab. Arica
91%
Antofagasta 348.517 hab. Antofagasta
89%
Biobío 217.537 hab. Concepción
89%
Maule 206.069 hab. Talca
89%
Coquimbo 195.382 hab. La Serena
87%
Araucanía 235.509 hab. Temuco
87%
Valparaíso 332.875 hab. Viña del Mar
87%
Coquimbo 204.068 hab. Coquimbo
84%
Los Lagos 269.736 hab. Puerto Montt
84%
O'Higgins 231.370 hab. Rancagua
84%
Tarapacá 188.003 hab. Iquique
82%
Los Ríos 150.048 hab. Valdivia
82%
Metropolitana 515.240 hab. Maipú
80%
Metropolitana 566.561 hab. Puente Alto
80%
Magallanes 123.403 hab. Punta Arenas
80%
Ñuble 164.270 hab. Chillán
76%
Atacama 150.804 hab. Copiapó
73%
Maule 125.275 hab. Curicó
73%
Los Lagos 147.666 hab. Osorno
71%
Magallanes 1.868 hab. Puerto Williams
71%
Aysén 49.667 hab. Coyhaique
67%
Antofagasta 157.575 hab. Calama
64%
Valparaíso 147.991 hab. Quilpué
64%
Valparaíso 125.140 hab. Villa Alemana
64%
Los Lagos 33.417 hab. Castro
62%
Aysén 17.441 hab. Puerto Aysén
62%
O'Higgins 58.367 hab. San Fernando
62%
Biobío 131.521 hab. San Pedro de la Paz
62%
Biobío 147.831 hab. Talcahuano
62%
Metropolitana 294.480 hab. Las Condes
60%
Biobío 143.023 hab. Los Ángeles
60%
Magallanes 19.023 hab. Puerto Natales
60%
Valparaíso 86.239 hab. San Antonio
60%
Maule 73.602 hab. Linares
58%
Antofagasta 24.521 hab. Tocopilla
58%
Tarapacá 105.065 hab. Alto Hospicio
56%
Metropolitana 366.376 hab. La Florida
51%
O'Higgins 37.721 hab. Rengo
51%
Coquimbo 15.872 hab. Vicuña
49%
Coquimbo 75.864 hab. Ovalle
47%
Araucanía 31.780 hab. Villarrica
47%
Los Lagos 28.162 hab. Ancud
44%
Atacama 11.073 hab. Chañaral
44%
Arica y Parinacota 1.716 hab. Putre
44%
Arica y Parinacota 519 hab. Valle Hermoso
44%
Atacama 15.547 hab. Caldera
42%
Maule 34.022 hab. Constitución
42%
Antofagasta 12.784 hab. Mejillones
42%
Tarapacá 3.876 hab. Pica
42%
Ñuble 32.529 hab. San Carlos
42%
Atacama 45.298 hab. Vallenar
42%
Coquimbo 20.751 hab. Illapel
40%
Los Ríos 11.091 hab. Panguipulli
38%
Magallanes 5.992 hab. Porvenir
38%
Ñuble 27.359 hab. Chillán Viejo
33%
Biobío 112.057 hab. Coronel
33%
Los Ríos 26.517 hab. La Unión
33%
O'Higgins 48.667 hab. Machalí
33%
Araucanía 48.608 hab. Angol
31%
Aysén 2.789 hab. Cochrane
31%
Tarapacá 9.277 hab. Pozo Almonte
31%
Antofagasta 10.933 hab. Taltal
31%
Maule 37.189 hab. Molina
29%
Araucanía 24.773 hab. Victoria
29%
Araucanía 42.020 hab. Padre Las Casas
27%
O'Higgins 28.679 hab. Graneros
24%
Los Ríos 16.909 hab. Río Bueno
24%
Arica y Parinacota 1.001 hab. San Miguel de Azapa
24%
Ñuble 11.072 hab. Bulnes
20%
Aysén 3.129 hab. Chile Chico
20%
Aysén 2.558 hab. Puerto Cisnes
20%
Los Ríos 11.296 hab. Paillaco
18%
Los Lagos 42.267 hab. Alerce
13%
Ñuble 10.884 hab. Yungay
13%
Atacama 9.857 hab. Tierra Amarilla
11%
Magallanes 702 hab. Río Seco
4%
Arica y Parinacota 870 hab. Villa Frontera
4%
Tarapacá 2.399 hab. Huantajaya
2%
No se encontraron pruebas coincidentes
Distribución de puntuación
Porcentaje de gente con cada puntuación
Porcentaje por número respondido
Historial de tus puntuaciones
No has intentado esta prueba desde el último reinicio